000 01227nam a22002417a 4500
999 _c957
_d957
005 20251125232734.0
008 s2528 th tha d
040 _aNALT
041 _atha
050 _aDU105.2 ท74 2528
100 0 _aเทพรัตนราชสุดาฯ สยามบรมราชกุมารี, สมเด็จพระ
245 1 0 _aทัวร์น้องโจ้
260 3 _aกรุงเทพฯ :
_bธนาคารไทยพาณิชย์,
_c2528
300 _a294 หน้า :
_b ภาพประกอบ
650 0 4 _aออสเตรเลีย -- ความสัมพันธ์กับต่างประเทศ -- ไทย
650 0 4 _aออสเตรเลีย -- ความเป็นอยู่และประเพณี
650 0 4 _aออสเตรเลีย -- ภูมิประเทศและการท่องเที่ยว
650 0 4 _aไทย -- ความสัมพันธ์กับต่างประเทศ -- ออสเตรเลีย
850 _aNALT
856 4 0 _uhttps://hdl.handle.net/20.500.14156/371715
_71
942 _cGB
_01
_2lcc